Essays on language and usage. (Record no. 9854)
[ view plain ]
| 000 -LEADER | |
|---|---|
| fixed length control field | 00787cam a22002651 4500 |
| 001 - CONTROL NUMBER | |
| JCCL Control Number | 9854 |
| 003 - CONTROL NUMBER IDENTIFIER | |
| JCCL marc code | BD-JhCC |
| 005 - DATE AND TIME OF LATEST TRANSACTION | |
| control field | 20180402103310.0 |
| 008 - FIXED-LENGTH DATA ELEMENTS--GENERAL INFORMATION | |
| fixed length control field | 730220s1963 nyua 000 0 eng |
| 035 ## - SYSTEM CONTROL NUMBER | |
| system control number | (BD-JhCC)9854 |
| 040 ## - CATALOGING SOURCE | |
| Original cataloging agency | DLC |
| Transcribing agency | DLC |
| Modifying agency | DLC |
| 041 ## - LANGUAGE CODE | |
| Language code of Book | eng |
| 050 00 - LIBRARY OF CONGRESS CALL NUMBER | |
| Classification number | PE1072 |
| Item number | .D4 1963 |
| 082 00 - DEWEY DECIMAL CLASSIFICATION NUMBER | |
| Classification number | 420.82 |
| Author mark and Year | DEN 1959 |
| 100 1# - MAIN ENTRY--PERSONAL NAME | |
| Personal name | Dean, Leonard F. |
| Fuller form of name | (Leonard Fellows), |
| Dates associated with a name | 1909-1999, |
| 245 00 - TITLE STATEMENT | |
| Title | Essays on language and usage. |
| Statement of responsibility, etc | Edited by Leonard F. Dean and Kenneth G. Wilson. |
| 250 ## - EDITION STATEMENT | |
| Edition statement | 2d ed. |
| 260 ## - PUBLICATION, DISTRIBUTION, ETC. (IMPRINT) | |
| Place of publication, distribution, etc | New York, |
| Name of publisher, distributor, etc | Oxford University Press, |
| Date of publication, distribution, etc | 1963. |
| 300 ## - PHYSICAL DESCRIPTION | |
| Pagination | 335 p. |
| Other physical details | illus. |
| Dimensions | 23 cm. |
| 650 #0 - SUBJECT ADDED ENTRY--TOPICAL TERM | |
| Topical term or geographic name as entry element | English language |
| General subdivision | Usage. |
| 650 #0 - SUBJECT ADDED ENTRY--TOPICAL TERM | |
| Topical term or geographic name as entry element | Language and languages. |
| 700 1# - ADDED ENTRY--PERSONAL NAME | |
| Personal name | Wilson, Kenneth George, |
| Dates associated with a name | 1923- |
| 942 ## - ADDED ENTRY ELEMENTS (KOHA) | |
| Source of classification or shelving scheme | Dewey Decimal Classification |
| Koha item type | Books |
| Source of classification or shelving scheme | Damaged status | Not for loan | Home library | Current library | Shelving location | Date of accession | Total Checkouts | Full call number | Barcode | Date last seen | Copy number | Koha item type |
|---|---|---|---|---|---|---|---|---|---|---|---|---|
| Dewey Decimal Classification | JCC Rouf Library | JCC Rouf Library | General Stacks | 04/02/2018 | 420.82 DEN 1959 | 11463 | 04/02/2018 | C-1 | Books |